| 000 | 00833nas a2200265 4500 | ||
|---|---|---|---|
| 001 | BR7601708 | ||
| 003 | BR-BrBNA | ||
| 005 | 20231205082937.0 | ||
| 007 | ta | ||
| 008 | 230509b bl.|||p| |||| 00| 00por d | ||
| 040 |
_aBR-BrBNA _bpor _cBiblioteca Nacional de Agricultura |
||
| 041 | _a(Pt) | ||
| 072 | _aK50; K10 | ||
| 110 | 1 |
_aFundacao Joao Pinheiro, Belo Horizonte, MG (Brasil) _94974 |
|
| 245 | 1 | _aPapel e celulose: a proposta mineira [Industria florestal; Reflorestamento; Brasil] | |
| 650 | _aIndustria florestal | ||
| 650 | _aProducao florestal | ||
| 650 | _aReflorestamento | ||
| 650 | _aMadeira | ||
| 650 | _aCelulose | ||
| 650 | _aPapel | ||
| 773 | 0 |
_tFundacao J.P. - Analise e Conjuntura (brazil) _x _g(Jan 1976), v. 6(1) p. 25-31 _wBR7601708 |
|
| 909 |
_a202311 _bLúcia _c55 _dLúcia Elande |
||
| 942 |
_2AGRIS _n0 _cANA |
||
| 999 |
_c95279 _d95279 |
||